| 000 | 00538nam a22001577a 4500 | ||
|---|---|---|---|
| 003 | OSt | ||
| 005 | 20151102144048.0 | ||
| 008 | 151102b xxu||||| |||| 00| 0 eng d | ||
| 040 | _cRUA | ||
| 082 | _aFOR ម៉ិញ 1992 B117 Or.1 | ||
| 100 |
_93189 _aម៉ិញ វិសិដ្ឋ |
||
| 245 | _aគំរោងផែនការស្តាព្រៃបំរុងទុកពពួកសរ្វព្រៃ ព្រះវិហារ | ||
| 260 |
_aPhnom Penh _bRUA _c1992 |
||
| 300 |
_a60p. _bill. _c29cm. |
||
| 942 |
_2ddc _cFOR |
||
| 999 |
_c2976 _d2976 |
||